000 00764nam a2200265Ia 4500
003 OSt
005 20220925204839.0
006 a|||||r|||| 00| 0
007 ta
008 220923b |||||||| |||| 00| 0 eng d
020 _a902473052x
037 _cGeneral Book
040 _aRTL
_cRTL
_beng
041 _2eng
_aeng
082 _aX:540j77, M2
100 _aVan Bochove C. A.
_9269130
245 0 _aImport and economic growth
260 _aHague
_bMartinus Nijhoff
_c1982
300 _a341p. Bib p 293-316
_ccm.
490 _aInternational studiesin economics and econometrics. 10)
650 _a Economics
650 _aInternational Trade
942 _hX:540j77, M2
_cGB
_2CC
999 _c550581
_d550581